00923nam a22002657a 450000500170000001000310001702000260004803500130007403500170008703500130010403700250011703700130014208200110015510000160016624501230018226000350030527000590034030000670039960000320046661000380049865000410053665000310057765000340060870000150064220170728105912.0 aBAC-EN21 ENG-111925 a9780670087471c399.00 aEN-95457 aB-580967-982 aB-667348 adplbAakar Books/Ven aDBAD/PUB a338.04 aPriya Kumar aThe inspiring journey of a hero :blearnings from the life of O.P. Munjal /cby Priya Kumar ; foreworded by Ram Charan aNew DelhibPenguin Booksc2014 a11 Community Centre,Panchsheel ParkbNew Delhie110017 axIix,170p.,8 unnumbered pages of plates :c22cm(Hb)bcol. ill. a Munjal, Om Prakash,d1927- a Hero Cycles Limited vBiography. a Industrialists zIndia vBiography. a Bicycle industry zIndia. a Motorcycle industry zIndia. aRam Charan